000 00610nam a22002297a 4500
005 20170124105927.0
010 _aA-463762
020 _c00.00
035 h _aA-463762
037 _bCen Lib/Ret
040 _aDPL
_bEN
082 _a330
_bBAS
100 _aBasanta Kumar
_96790
245 _aIntroductory economics /
_cby Basanta Kumar
246 _b
260 _bKitab Mahal
_c1991
_aAllahabad
270 _bAllahabad
_a15, thornhill road
300 _a185p. ;
_c21cm(Hb)
_bill.
650 _aEconomics
_972157
650 _aBasic concepts
_96792
942 _2ddc
_cEN
_h330
_mBAS
999 _c123546
_d123546